| 000 | 00478cam a2200181ua 4500 | ||
|---|---|---|---|
| 020 |
_a81 7024 560 5 _c400.00 |
||
| 041 |
_aeng _h |
||
| 082 |
_a551.48 _bMAH/GL |
||
| 100 | _aMahajan, Gautham . | ||
| 245 |
_aGlossary of hydro-geology / _cMahajan Gautham. _hTextual Documents |
||
| 260 |
_aNew Delhi : _bAshish Publishing House , _c1993. |
||
| 300 | _a597 ; . | ||
| 365 | _a400.00 | ||
| 500 | _a**Reference | ||
| 504 | _a | ||
| 942 | _cBK | ||
| 999 |
_c10169 _d10169 |
||